[Event "RUS-ch Higher League (Women) 69th"]
[Site "Yaroslavl"]
[Date "2019.06.27"]
[Round "1"]
[White "Potapova, Margarita"]
[Black "Dzutseva, Lana"]
[Result "1-0"]
[WhiteElo "2256"]
[BlackElo "1325"]
[PlyCount "75"]
[EventDate "2019.06.27"]
[EventType "swiss"]
[EventRounds "9"]
[EventCountry "RUS"]
[SourceTitle "CBM 191 Extra"]
[Source "ChessBase"]
[SourceDate "2019.09.30"]
[SourceVersion "1"]
[SourceVersionDate "2019.09.30"]
[SourceQuality "1"]

1. d4 d5 2. c4 e6 3. Nc3 Nf6 4. Nf3 c6 5. Bg5 Be7 6. e3 Nbd7 7. Bd3 0-0 8. 0-0 dxc4 9. Bxc4 Nd5 10. Bxe7 Qxe7 11. Qe2 b6 12. Rac1 Bb7 13. Nxd5 exd5 14. Ba6 Bxa6 15. Qxa6 Qd6 16. Rfd1 f5 17. g3 h6 18. Rc2 Rfc8 19. Rdc1 Rc7 20. Nh4 g6 21. Qd3 Kg7 22. Qxf5 Rf8 23. Qg4 a5 24. Re1 c5 25. e4 h5 26. Qg5 dxe4 27. Rxe4 Qf6 28. Qe3 Rf7 29. Re6 Qd8 30. Rxg6+ Kh8 31. Rh6+ Rh7 32. Rxh7+ Kxh7 33. Qe4+ Kg8 34. Qg6+ Kf8 35. Qd6+ Kf7 36. Nf5 Rc8 37. Re2 Nf6 38. Re7+ 1-0